LEADER 02995nas# 22003011i 450 001 UON00085108 005 20231205102444.581 100 $a20020107a1990 |0itac50 ba 101 $aspa 102 $aES 105 $a|||| ||||| 110 $aaA||||||||| 200 1 $aAnaquel de estudios arabes$fUniversidad Complutense de Madrid. Facultad de Filologia. Departamento de Estudios Arabes e Islamicos$gDirectora de la revista: Maria Jesus Viguera Molins 205 $aI- 207 $aMadrid : Universidad Complutense de Madrid, 1990- 210 $a v.$a24 cm 215 $aAnnuale 606 $aANDALUS$3UONC020471$2RI 620 $aES$dMadrid$3UONL000218 702 1$aVIGUERA MOLINS$bMaria Jesus$3UONV047536 712 02$aUNIVERSIDAD COMPLUTENSE$cMadrid$bFacultad de filologia$3UONV047535 712 $aUniversidad Complutense de Madrid$3UONV257241$4650 801 $aIT$bSOL$c20240220$gRICA 899 $aSIBA - SISTEMA BIBLIOTECARIO DI ATENEO$2UONSI$41(1990)-7(1996); 10(1999)-14(2003); 16(2005)-20(2009)- poi solo online$cA PER Afr 352 ; 912 $aUON00085108 950 $aSIBA - SISTEMA BIBLIOTECARIO DI ATENEO$bSI 1(1990)-7(1996); 10(1999)-14(2003); 16(2005)-20(2009)- poi solo online$dSI A PER Afr 352 01 $eSI AA 15251 7 01 $dSI A PER Afr 352 02 $eSI AA 15252 7 02 $dSI A PER Afr 352 03 $eSI AA 15253 7 03 $dSI A PER Afr 352 04 $eSI AA 18247 7 04 $dSI A PER Afr 352 05 $eSI AA 18287 7 05 $dSI A PER Afr 352 06 $eSI AA 18593 7 06 $dSI A PER Afr 352 07 $eSI AA 19586 7 07 $dSI A PER Afr 352 10 $eSI AA 24180 7 10 $dSI A PER Afr 352 11 $eSI AA 25083 7 11 $eSI AA 25371 7 13 $eSI AA 26341 7 14 $eSI AA 28939 7 18 $eSI AA 29600 7 19 $dSI A PER Afr 352 12 $eSI AA 25084 7 12 $dSI A PER Afr 352 16 $eSI AA 27794 7 16 $dSI A PER Afr 352 17 $eSI AA 28468 7 17 $dSI A PER Afr 352 20 $eSI AA 30057 7 20 996 $aAnaquel de estudios arabes$91325790 997 $aUNIOR